[Event "Ch Switzerland"]
[Site "masterchessopen.com Lenzerheide (Switzerland)"]
[Date "2006.07.17"]
[Round "5"]
[White "Landenbergue Claude (SUI)"]
[Black "Kuemin Simon (SUI)"]
[Result "1-0"]
[WhiteElo "2446"]
[BlackElo "2368"]

1.Nf3 Nf6 2.c4 g6 3.g3 Bg7 4.Bg2 O-O 5.d4 d5 6.cxd5 Nxd5 7.O-O Nb6 8.Nc3 Nc6
9.e3 a5 10.Qe2 a4 11.Rd1 Ra5 12.Bd2 Be6 13.Be1 Qc8 14.Ne4 Ra8 15.Nc5 Bd5
16.Bc3 Nd8 17.e4 Bc4 18.Qe3 Nd7 19.d5 Bxc3 20.Qxc3 Nxc5 21.Qxc4 Ra5 22.b4 axb3
23.axb3 Qa8 24.Qc3 b6 25.Nd4 e5 26.Nc2 {#r} 1-0

[Event "Memorial Jozef Kochan"]
[Site "masterchessopen.com Koszalin (Poland)"]
[Date "2006.08.09"]
[Round "6"]
[White "Grycel Kamil (POL)"]
[Black "Palosz Andrzej (POL)"]
[Result "1-0"]
[WhiteElo "2310"]
[BlackElo "2153"]

1.d4 Nf6 2.c4 g6 3.Nf3 Bg7 4.g3 d5 5.cxd5 Nxd5 6.Bg2 O-O 7.O-O Nb6 8.Nc3 Nc6
9.e3 e5 10.d5 Na5 11.e4 c6 12.Re1 Re8 13.a4 cxd5 14.exd5 e4 15.Nxe4 Nxd5
16.Bg5 f6 17.Nxf6+ Nxf6 18.Rxe8+ Qxe8 19.Bxf6 Bxf6 20.Qd5+ Be6 21.Qxa5 Bxb2
22.Re1 Qd7 23.Ng5 Bf5 24.Qd5+ Qxd5 25.Bxd5+ Kg7 26.Re7+ Kf6 27.Rxh7 Rd8 28.f4
Rd7 29.Ne4+ {#r} 1-0

[Event "It (open)"]
[Site "masterchessopen.com Argentina"]
[Date "2006.08.13"]
[Round "6"]
[White "Goldwaser Christian (ARG)"]
[Black "Barrionuevo Pablo (ARG)"]
[Result "1-0"]
[WhiteElo "2372"]
[BlackElo "2253"]

1.d4 Nf6 2.c4 g6 3.Nf3 Bg7 4.g3 O-O 5.Bg2 d5 6.cxd5 Nxd5 7.O-O Nb6 8.Nc3 Nc6
9.e3 e5 10.d5 Na5 11.e4 c6 12.Bg5 f6 13.Be3 cxd5 14.Bxb6 Qxb6 15.Nxd5 Qxb2
16.Nc7 Rb8 17.Qd5+ Rf7 18.Qxa5 b6 19.Qb5 Qa3 20.Rfc1 Bg4 21.Qb3 {#r} 1-0

[Event "Ch Primorie (w)"]
[Site "masterchessopen.com Vladivostok (Russia)"]
[Round "9"]
[White "Zinkina Ekaterina (RUS)"]
[Black "Eshenko Diana (RUS)"]
[Result "1-0"]
[WhiteElo "2099"]
[BlackElo "2150"]

1.d4 Nf6 2.c4 g6 3.Nf3 Bg7 4.g3 O-O 5.Bg2 d5 6.cxd5 Nxd5 7.O-O Nb6 8.Nc3 Nc6
9.e3 e5 10.d5 Na5 11.e4 c6 12.Bg5 f6 13.Be3 cxd5 14.Bxb6 Qxb6 15.Nxd5 Qd8
16.Nd2 Be6 17.Rc1 Rf7 18.Qa4 Nc6 19.Nb3 Bf8 20.Nc5 Bxc5 21.Rxc5 Nd4 22.Kh1 b6
23.Rc3 f5 24.Nb4 f4 25.gxf4 Rxf4 26.Nd3 Rh4 27.Nxe5 Qd6 28.f4 Rf8 29.Rd3 Rd8
30.Rfd1 Qc7 31.Rxd4 Rf8 {#r} 1-0

[Event "Memorial  I.Kopylov"]
[Site "masterchessopen.com Ufa (Russia)"]
[Date "2006.12.12"]
[Round "10"]
[White "Fakhretdinov Robert (RUS)"]
[Black "Mingachev Mansur (RUS)"]
[Result "0-1"]
[WhiteElo "2368"]
[BlackElo "2406"]

1.d4 Nf6 2.Nf3 g6 3.c4 Bg7 4.g3 d5 5.cxd5 Nxd5 6.Bg2 O-O 7.O-O Nb6 8.Nc3 Nc6
9.e3 Re8 10.Re1 e5 11.d5 Na5 12.e4 c6 13.Bg5 f6 14.Be3 Nac4 15.Bxb6 Nxb6
16.Qb3 cxd5 17.exd5 Bd7 18.a4 Rb8 19.Nd2 Nc8 20.Nb5 Kh8 21.Ne4 f5 22.Nc5 a6
23.Nc3 Nd6 24.Ne6 Bxe6 25.dxe6 e4 26.f3 b5 27.Rad1 bxa4 28.Qd5 Qb6+ 29.Kh1 Nb5
30.Nxa4 Qa5 31.b3 e3 32.Nc5 Nc3 33.Qc4 Nxd1 34.Rxd1 e2 {#R} 0-1

[Event "Zt"]
[Site "masterchessopen.com San Luis (Argentina)"]
[Date "2007.03.21"]
[Round "5"]
[White "Lafuente Pablo (ARG)"]
[Black "Lujan Carolina (ARG)"]
[Result "1-0"]
[WhiteElo "2489"]
[BlackElo "2379"]

1.d4 Nf6 2.c4 g6 3.Nf3 Bg7 4.g3 O-O 5.Bg2 d5 6.cxd5 Nxd5 7.O-O Nb6 8.Nc3 Nc6
9.e3 a5 10.d5 Nb4 11.e4 e6 12.a3 Na6 13.Bg5 f6 14.Bf4 e5 15.Bc1 Nc4 16.b4 Bg4
17.Qb3 Nd6 18.Ne1 h5 19.Nd3 b5 20.Ra2 a4 21.Qb1 h4 22.gxh4 Qc8 23.Nc5 Bh3
24.f3 Kh7 25.Qd3 Bxg2 26.Rxg2 Qh3 27.Ne6 Rf7 28.Rg3 Qxh4 29.Kg2 {#r} 1-0

[Event "It (open)"]
[Site "masterchessopen.com Porto Mannu (Italy)"]
[Date "2007.05.20"]
[Round "2"]
[White "Adrian Claude (FRA)"]
[Black "Kekki Petri (FIN)"]
[Result "0-1"]
[WhiteElo "2279"]
[BlackElo "2383"]

1.c4 Nf6 2.Nf3 g6 3.d4 Bg7 4.g3 O-O 5.Bg2 d5 6.cxd5 Nxd5 7.O-O Nb6 8.Nc3 Nc6
9.Bf4 Be6 10.Qc1 Nd5 11.Rd1 Nxc3 12.bxc3 Bc4 13.Qb2 Qc8 14.d5 Nd8 15.Nd4 Ba6
16.Rab1 Re8 17.Nb5 e5 18.Be3 Bxb5 19.Qxb5 Re7 20.Bc5 a6 21.Qa4 Qd7 22.Qh4 Re8
23.Bh3 f5 24.e4 b6 25.exf5 gxf5 26.Ba3 Qf7 27.d6 cxd6 28.Rxb6 e4 29.Rbxd6 Ne6
30.Rxe6 Rxe6 31.Qf4 Qh5 32.Rd7 Qxh3 33.Qg5 Qh6 {#R} 0-1

[Event "It (open)"]
[Site "masterchessopen.com Ourense (Spain)"]
[Date "2007.07.12"]
[Round "8"]
[White "Reinaldo Castineira Roi (ESP)"]
[Black "Astaneh Lopez Alex (IRL)"]
[Result "1-0"]
[WhiteElo "2477"]
[BlackElo "2342"]

1.c4 Nf6 2.Nf3 g6 3.g3 Bg7 4.Bg2 O-O 5.O-O d5 6.cxd5 Nxd5 7.d4 Nb6 8.Nc3 Nc6
9.e3 Be6 10.h3 Bc4 11.Re1 e5 12.Nxe5 Nxe5 13.dxe5 Qg5 14.Bxb7 Rab8 15.Bg2 Rfd8
16.Qg4 Qxe5 17.e4 Be6 18.Qh4 Bf6 19.Bf4 Qd4 20.Bg5 Bxg5 21.Qxg5 Qb4 22.Re2 f6
23.Qc1 c6 24.b3 Rd3 25.Re3 Rbd8 26.Nd5 R3xd5 27.exd5 Bxd5 28.Bxd5+ cxd5 29.Qe1
{#r} 1-0

[Event "It (open)"]
[Site "masterchessopen.com Montreal (Canada)"]
[Date "2007.07.20"]
[Round "1"]
[White "Kunte Abhijit (IND)"]
[Black "Masse Hugues (CAN)"]
[Result "1-0"]
[WhiteElo "2547"]
[BlackElo "2196"]

1.d4 Nf6 2.Nf3 g6 3.g3 Bg7 4.Bg2 O-O 5.c4 d5 6.cxd5 Nxd5 7.O-O Nb6 8.Nc3 Nc6
9.e3 e5 10.d5 Na5 11.e4 c6 12.Bg5 f6 13.Be3 cxd5 14.Bxb6 Qxb6 15.Nxd5 Qd8
16.Qa4 Bg4 17.Rad1 Bxf3 18.Bxf3 Nc6 19.Bg4 Nd4 20.f4 Qd6 21.f5 h5 22.Bf3 gxf5
23.exf5 h4 24.Be4 hxg3 25.hxg3 Bh6 26.Kg2 Kg7 27.Rd3 Bg5 28.Rc3 a6 29.Qd1 Nc6
30.Nf4 Qxd1 31.Ne6+ Kg8 32.Rxd1 Rfc8 33.Rd7 Na5 34.Nc7 Rab8 35.Bd5+ Kh8 36.g4
{#r} 1-0

[Event "It (cat.2)"]
[Site "masterchessopen.com Villa Martelli (Argentina)"]
[Date "2007.09.26"]
[Round "6"]
[White "Goldwaser Christian (ARG)"]
[Black "Shcherbine Andrei (RUS)"]
[Result "1-0"]
[WhiteElo "2331"]
[BlackElo "2199"]

1.Nf3 Nf6 2.d4 g6 3.c4 Bg7 4.g3 d5 5.cxd5 Nxd5 6.Bg2 Nb6 7.O-O O-O 8.Nc3 Nc6
9.e3 e5 10.d5 Na5 11.e4 c6 12.Bg5 f6 13.Be3 cxd5 14.Bxb6 Qxb6 15.Nxd5 Qd6
16.Qa4 Nc6 17.Rfd1 Bg4 18.Ne3 Qe6 19.Nxg4 Qxg4 20.Qb3+ Rf7 21.h3 Qc8 22.Bf1
Kf8 23.h4 Bh6 24.Rd6 Qc7 25.Rad1 Rd8 26.Rxd8+ Nxd8 27.Qd5 Ke7 28.Bb5 a6 29.Ba4
b5 30.Bb3 Rf8 31.h5 g5 32.Nh2 Qc6 33.Ng4 Qxd5 34.Rxd5 Bg7 35.Ne3 f5 36.Nxf5+
{#r} 1-0

[Event "Ch Norway (team) 2007/08"]
[Site "masterchessopen.com Norway"]
[Date "2008.03.30"]
[Round "9"]
[White "Johannessen Leif Erlend (NOR)"]
[Black "Bae Torstein (NOR)"]
[Result "1-0"]
[WhiteElo "2545"]
[BlackElo "2404"]

1.Nf3 Nf6 2.c4 g6 3.d4 Bg7 4.g3 O-O 5.Bg2 d5 6.cxd5 Nxd5 7.O-O Nb6 8.Nc3 Nc6
9.e3 Re8 10.d5 Na5 11.Nd4 Bd7 12.e4 Qc8 13.Bf4 Nbc4 14.b3 Ne5 15.Rc1 c5
16.Nde2 b6 17.Qd2 Bh3 18.Bh6 Bxg2 19.Kxg2 Bh8 20.h3 Qd7 21.f4 Nec6 22.Qe3 Nd4
23.f5 Nb7 24.Rf2 Nd6 25.Rcf1 Be5 26.fxg6 hxg6 27.Qg5 Bg7 28.Bxg7 Kxg7 29.e5
Rh8 30.g4 Nxe2 31.Rxe2 Ne8 32.Rxf7+ {#r} 1-0

[Event "Ch Russia (club) (w)"]
[Site "masterchessopen.com Sochi (Russia)"]
[Date "2008.04.08"]
[Round "7"]
[White "Iljushina Olga (RUS)"]
[Black "Lahno Kateryna (UKR)"]
[Result "0-1"]
[WhiteElo "2311"]
[BlackElo "2488"]

1.Nf3 Nf6 2.g3 g6 3.c4 Bg7 4.Bg2 O-O 5.O-O d5 6.cxd5 Nxd5 7.d4 Nb6 8.Nc3 Nc6
9.e3 Re8 10.b3 e5 11.Nxe5 Nxe5 12.dxe5 Bxe5 13.Bb2 c6 14.Qc2 Qe7 15.Rad1 Bg4
16.f3 Be6 17.Rf2 f5 18.f4 Bg7 19.e4 Qc5 20.e5 a5 21.Ba1 Red8 22.Kh1 a4
23.Rxd8+ Rxd8 24.bxa4 Nc4 25.Nd1 Rxd1+ 26.Qxd1 Qxf2 27.Bd4 Qxa2 28.Bc5 Qd2
29.Qb1 Bd5 {#R} 0-1

[Event "It (open)"]
[Site "masterchessopen.com Lodi (Italy)"]
[Date "2008.06.13"]
[Round "1"]
[White "Izsak Gyula (HUN)"]
[Black "Pienabarca Nicola (ITA)"]
[Result "1-0"]
[WhiteElo "2434"]
[BlackElo "2102"]

1.d4 Nf6 2.Nf3 g6 3.c4 Bg7 4.g3 O-O 5.Bg2 d5 6.cxd5 Nxd5 7.O-O Nb6 8.Nc3 Nc6
9.e3 Be6 10.Re1 h6 11.Nd2 f5 12.Nb3 Bxb3 13.Qxb3+ Kh7 14.Na4 Nxa4 15.Qxa4 Qd6
16.b3 Qb4 17.Ba3 Qxa4 18.bxa4 Rfe8 19.Rab1 e5 20.Rxb7 Na5 21.Rb5 Nc4 22.Bxa8
Nxa3 23.Bc6 Nxb5 24.Bxe8 Nd6 25.Bc6 Kg8 26.dxe5 Bxe5 27.Rb1 Kf7 28.Rb8 {#r}
1-0

[Event "It (open)"]
[Site "masterchessopen.com Collado Villalba (Spain)"]
[Date "2008.08.27"]
[Round "6"]
[White "Sriram Jha (IND)"]
[Black "Castejon Caballero Andres (ESP)"]
[Result "1-0"]
[WhiteElo "2458"]
[BlackElo "2003"]

1.d4 Nf6 2.Nf3 g6 3.c4 Bg7 4.g3 O-O 5.Bg2 d5 6.cxd5 Nxd5 7.O-O Nb6 8.Nc3 Nc6
9.e3 Re8 10.d5 Na5 11.Nd4 Bd7 12.e4 c5 13.Nf3 e6 14.Bg5 f6 15.Be3 Rc8 16.b3
exd5 17.exd5 f5 18.Rc1 Bxc3 19.Rxc3 Bb5 20.d6 Bxf1 21.Bxf1 Rxe3 22.Rxe3 Qf6
23.d7 Rd8 24.Qe1 Nc6 25.Re6 Qf7 26.Re8+ Kg7 27.Ng5 Qxd7 28.Ne6+ Kf7 29.Nxd8+
Nxd8 30.Rh8 Kg7 31.Qe5+ Kh6 32.Qf6 Ne6 33.Qh4+ {#r} 1-0

[Event "Memorial M.Chigorin (open)"]
[Site "masterchessopen.com St. Petersburg (Russia)"]
[Date "2008.10.09"]
[Round "7"]
[White "Orlov Oleg (RUS)"]
[Black "Kuzevanova Evgenia (RUS)"]
[Result "1-0"]
[WhiteElo "2333"]
[BlackElo "2179"]

1.Nf3 Nf6 2.c4 g6 3.g3 Bg7 4.Bg2 O-O 5.d4 d5 6.cxd5 Nxd5 7.O-O Nb6 8.Nc3 Nc6
9.Bf4 Nxd4 10.Nxd4 Bxd4 11.Qc1 e5 12.Bh6 Re8 13.Rd1 Qe7 14.Ne4 Nd7 15.Qxc7
Bxb2 16.Rab1 Ba3 17.Rxb7 Bxb7 18.Rxd7 Qe6 19.Ng5 {#r} 1-0

[Event "Ch Norway (team) 2008/09"]
[Site "masterchessopen.com Norway"]
[Date "2008.11.07"]
[Round "6"]
[White "Kveinys Aloyzas (LTU)"]
[Black "Simula Leon (NOR)"]
[Result "1-0"]
[WhiteElo "2533"]
[BlackElo "2140"]

1.d4 Nf6 2.c4 g6 3.Nf3 Bg7 4.g3 d5 5.cxd5 Nxd5 6.Bg2 O-O 7.O-O Nb6 8.Nc3 Nc6
9.e3 e5 10.d5 Na5 11.e4 c6 12.d6 Be6 13.b3 h6 14.Be3 Nc8 15.Qd2 Kh7 16.Rad1
Qd7 17.Na4 b6 18.Nc5 bxc5 19.Qxa5 Rd8 20.Bxc5 f6 21.Nh4 Bf8 22.f4 Bxd6 23.Bxd6
Nxd6 24.fxe5 fxe5 25.Qxe5 {#r} 1-0

[Event "Czech League 2008/09 (2nd) (a)"]
[Site "masterchessopen.com Czech Republic"]
[Date "2009.02.22"]
[Round "9"]
[White "Nidl Petr (CZE)"]
[Black "Simecek Filip"]
[Result "0-1"]
[WhiteElo "2199"]
[BlackElo "2155"]

1.d4 Nf6 2.g3 d5 3.Bg2 g6 4.Nf3 Bg7 5.c4 O-O 6.cxd5 Nxd5 7.O-O Nb6 8.Nc3 Nc6
9.e3 e5 10.dxe5 Nxe5 11.Nxe5 Bxe5 12.Qc2 c6 13.e4 Qe7 14.Ne2 Be6 15.f4 Bg7
16.Nc3 Nc4 17.f5 Bd7 18.Kh1 b5 19.a3 Rac8 20.Nd1 c5 21.Rb1 Rfe8 22.g4 Bc6
23.Nf2 Bd4 24.f6 Bxf6 25.Bf4 Be5 26.Bxe5 Qxe5 27.Rfe1 Rcd8 28.Re2 Rd4 29.Rbe1
Red8 30.Qc1 Nd2 31.Qc3 f6 32.Kg1 c4 33.a4 bxa4 34.Rxd2 Rxd2 35.Qxc4+ Bd5 {#R}
0-1

[Event "Ch Slovenia"]
[Site "masterchessopen.com Otocec (Slovenia)"]
[Round "6"]
[White "Sebenik Matej (SLO)"]
[Black "Jelen Igor (SLO)"]
[Result "1-0"]
[WhiteElo "2482"]
[BlackElo "2384"]

1.d4 Nf6 2.c4 g6 3.Nf3 Bg7 4.g3 O-O 5.Bg2 d5 6.cxd5 Nxd5 7.O-O Nb6 8.Nc3 Nc6
9.e3 Re8 10.Re1 e5 11.d5 Na5 12.e4 c6 13.b3 cxd5 14.exd5 e4 15.Nxe4 Nxd5
16.Bg5 f6 17.Bd2 Nc6 18.Rc1 Bg4 19.Nc5 Ne5 20.Nxb7 Qb6 21.Nxe5 {#r} 1-0

[Event "Ch Continental Americas"]
[Site "masterchessopen.com Sao Paulo (Brazil)"]
[Date "2009.08.03"]
[Round "11"]
[White "Milos Gilberto (BRA)"]
[Black "Barrientos Sergio (COL)"]
[Result "1-0"]
[WhiteElo "2589"]
[BlackElo "2474"]

1.d4 Nf6 2.c4 g6 3.Nf3 Bg7 4.g3 d5 5.cxd5 Nxd5 6.Bg2 O-O 7.O-O Nb6 8.Nc3 Na6
9.Qc2 Nb4 10.Qb3 Nc6 11.Rd1 Bg4 12.Be3 Qc8 13.Rac1 Na5 14.Qb4 Nac4 15.Bf4 Re8
16.Nb5 e5 17.Nxe5 Nxe5 18.dxe5 Bxe2 19.Nxc7 Bxd1 20.Nxe8 Qxe8 21.Rxd1 Rd8
22.Rxd8 Qxd8 23.h4 Qd1+ 24.Kh2 Qe2 25.Qd4 Qe1 26.Qd8+ Bf8 27.b3 Qc3 28.Qd2 Qc7
{#r} 1-0

[Event "It (open)"]
[Site "masterchessopen.com Collado Villalba (Spain)"]
[Date "2009.08.22"]
[Round "2"]
[White "Teske Henrik (GER)"]
[Black "Castejon Caballero Andres (ESP)"]
[Result "1-0"]
[WhiteElo "2536"]
[BlackElo "2184"]

1.d4 Nf6 2.Nf3 g6 3.c4 Bg7 4.g3 O-O 5.Bg2 d5 6.cxd5 Nxd5 7.O-O Nb6 8.Nc3 Nc6
9.Bf4 a6 10.d5 Na5 11.Rc1 Bxc3 12.Rxc3 c6 13.dxc6 Qxd1 14.Rxd1 Nxc6 15.Nd4
Nxd4 16.Rxd4 Be6 17.Bc7 Nd7 18.a4 Ra7 19.a5 Rc8 20.Rb4 {#r} 1-0

[Event "Ch Serbia (team)"]
[Site "masterchessopen.com Kragujevac (Serbia)"]
[Date "2009.09.09"]
[Round "9"]
[White "Sekulic Dusan (SRB)"]
[Black "Popovic Petar (SRB)"]
[Result "0-1"]
[WhiteElo "2295"]
[BlackElo "2496"]

1.d4 Nf6 2.c4 g6 3.Nf3 Bg7 4.g3 d5 5.cxd5 Nxd5 6.Bg2 O-O 7.O-O Nb6 8.Nc3 Nc6
9.e3 Re8 10.d5 Na5 11.Nd4 Bd7 12.b3 Rc8 13.Bb2 c6 14.e4 cxd5 15.exd5 Nbc4
16.bxc4 Qb6 17.Rb1 Qxd4 18.Nb5 Qxd1 19.Rfxd1 Bxb2 20.Rxb2 Nxc4 21.Rb4 Bxb5
22.Rxb5 Nd6 23.Ra5 a6 24.Bh3 Rc2 25.Ra4 Ra8 26.Re1 Kf8 27.g4 Rac8 28.Re5 Rd2
29.g5 Rc1+ 30.Kg2 Rcc2 31.Rf4 Rxa2 32.Bg4 {#R} 0-1

[Event "Ch City (open)"]
[Site "masterchessopen.com Ivanovo (Russia)"]
[Date "2009.10.23"]
[Round "8"]
[White "Kleiman B (RUS)"]
[Black "Korolev Alexey (RUS)"]
[Result "1-0"]
[WhiteElo "2297"]
[BlackElo "2114"]

1.d4 Nf6 2.c4 g6 3.Nf3 Bg7 4.g3 d5 5.cxd5 O-O 6.Bg2 Nxd5 7.O-O Nb6 8.Nc3 Nc6
9.e3 e5 10.d5 Ne7 11.e4 f5 12.Qb3 Kh8 13.Ng5 h6 14.Ne6 Bxe6 15.dxe6 c6 16.a4
fxe4 17.Bxe4 Qc7 18.Be3 Rfd8 19.Rfd1 Nf5 20.a5 Nd5 21.Bxd5 Nd4 22.Qc4 Qe7
23.Be4 {#r} 1-0

[Event "It (open)"]
[Site "masterchessopen.com Chennai (India)"]
[Date "2010.01.28"]
[Round "5"]
[White "Gutov Andrey (RUS)"]
[Black "Kulkarni Chinmay (IND)"]
[Result "1-0"]
[WhiteElo "2461"]
[BlackElo "2275"]

1.d4 Nf6 2.c4 g6 3.Nf3 Bg7 4.g3 O-O 5.Bg2 d5 6.cxd5 Nxd5 7.O-O Nb6 8.Nc3 Nc6
9.Bf4 Bg4 10.d5 Bxf3 11.Bxf3 Ne5 12.Bg2 a5 13.Rc1 Qd7 14.Qc2 Nbc4 15.Na4 Nd6
16.b3 Rfc8 17.Nc5 Qf5 18.e4 Qh5 19.Qd1 Qxd1 20.Rfxd1 c6 21.Bxe5 Bxe5 22.Nd7
Bb2 23.Rc2 Ba3 24.Nb6 cxd5 25.Rxc8+ Rxc8 26.Nxc8 Nxc8 27.Rxd5 {#r} 1-0

[Event "Ch Russia (juniors) (under 20)"]
[Site "masterchessopen.com Dagomys (Russia)"]
[Date "2010.04.23"]
[Round "6"]
[White "Shimanov Aleksandr (RUS)"]
[Black "Nepomniachtchi Ian (RUS)"]
[Result "0-1"]
[WhiteElo "2512"]
[BlackElo "2706"]

1.d4 Nf6 2.Nf3 g6 3.c4 Bg7 4.g3 O-O 5.Bg2 d5 6.cxd5 Nxd5 7.O-O Nb6 8.Nc3 Nc6
9.e3 Re8 10.Re1 e5 11.d5 Na5 12.e4 c6 13.b3 cxd5 14.exd5 Bg4 15.Ba3 e4 16.Nxe4
Qxd5 17.Qxd5 Nxd5 18.Rac1 Nc6 19.Nd6 Rxe1+ 20.Rxe1 Nc3 21.Ng5 Nd4 22.Bxb7 Rb8
23.Re8+ Rxe8 24.Nxe8 h6 25.Ne4 Bf3 26.N8d6 Bf8 27.Nxc3 Bxd6 28.Bxd6 Bxb7 29.h4
Nf3+ 30.Kf1 Ba6+ 31.Kg2 Ne1+ 32.Kh2 Nf3+ 33.Kh3 h5 34.Bc5 Bf1# 0-1

[Event "It (open)"]
[Site "masterchessopen.com Heviz (Hungary)"]
[Date "2010.06.27"]
[Round "9"]
[White "Banusz Tamas (HUN)"]
[Black "Erdelyi Zombor (HUN)"]
[Result "1-0"]
[WhiteElo "2550"]
[BlackElo "2323"]

1.d4 Nf6 2.c4 g6 3.Nf3 Bg7 4.g3 O-O 5.Bg2 d5 6.cxd5 Nxd5 7.O-O Nb6 8.Nc3 Nc6
9.e3 Re8 10.Re1 e5 11.d5 Na5 12.e4 c6 13.b3 cxd5 14.exd5 Bf5 15.Bg5 Qd7 16.Qd2
{#r} 1-0

[Event "Ch Turkey (team)"]
[Site "masterchessopen.com Konya (Turkey)"]
[Date "2010.07.02"]
[Round "6"]
[White "Firat Deniz (TUR)"]
[Black "Buyukasik Betul (TUR)"]
[Result "1-0"]
[WhiteElo "1629"]
[BlackElo "1595"]

1.d4 Nf6 2.c4 g6 3.Nf3 Bg7 4.g3 d5 5.Bg2 O-O 6.cxd5 Nxd5 7.O-O Nb6 8.Nc3 Nc6
9.e3 Re8 10.a3 Bg4 11.h3 Bd7 12.Qc2 Qc8 13.Kh2 h6 14.Rd1 Rd8 15.b4 Be6 16.Bb2
a6 17.Rac1 Rd7 18.Ne2 Bc4 19.Nf4 Qd8 20.Nd2 Bb5 21.Nb3 Ba4 22.Nd3 Bxb3 23.Qxb3
Rd6 24.Nc5 Qc8 25.Qc2 Qe8 26.Nxb7 Nd8 27.Nxd6 cxd6 28.Bxa8 Nxa8 29.Qc8 Nb6
30.Qxa6 {#r} 1-0

[Event "It (open)"]
[Site "masterchessopen.com Oberwart (Austria)"]
[Date "2010.07.12"]
[Round "3"]
[White "Lehner Oliver (AUT)"]
[Black "Shimanov Aleksandr (RUS)"]
[Result "0-1"]
[WhiteElo "2431"]
[BlackElo "2512"]

1.c4 g6 2.Nf3 Bg7 3.d4 Nf6 4.g3 d5 5.cxd5 Nxd5 6.Bg2 O-O 7.O-O Nb6 8.Nc3 Nc6
9.e3 Re8 10.h3 Bd7 11.Bd2 e5 12.d5 Ne7 13.e4 c6 14.Bg5 f6 15.Qb3 cxd5 16.exd5
Nf5 17.Be3 Nxe3 18.fxe3 Rc8 19.Rfe1 e4 20.Nd4 f5 21.Rad1 Qg5 22.Kf2 Be5
23.Nde2 Nc4 24.Nf4 Nxb2 25.Qxb2 Bxc3 26.Qxb7 Bxe1+ 27.Rxe1 Rc2+ 28.Re2 Rxe2+
29.Nxe2 Qe7 30.Qxa7 Bb5 {#R} 0-1

[Event "It (open)"]
[Site "masterchessopen.com Pardubice (Czech Republic)"]
[Date "2010.07.27"]
[Round "5"]
[White "Agaragimov Djakhangir (AZE)"]
[Black "Popilski Gil (ISR)"]
[Result "0-1"]
[WhiteElo "2333"]
[BlackElo "2454"]

1.d4 Nf6 2.c4 g6 3.Nf3 Bg7 4.g3 d5 5.cxd5 Nxd5 6.Bg2 O-O 7.O-O Nb6 8.Nc3 Nc6
9.e3 Re8 10.Re1 a5 11.Qe2 e5 12.Nxe5 Nxe5 13.dxe5 Bxe5 14.e4 c6 15.Be3 Be6
16.Rad1 Qc7 17.f4 Bg7 18.e5 a4 19.Rd4 f6 20.Rb4 Nd7 21.exf6 Bxf6 22.a3 Bb3
23.Ne4 Bd5 24.Bb6 Qc8 25.Bf2 Bg7 26.Qc2 b5 27.Rd1 Nb6 28.Ng5 Bxg2 29.Kxg2 Qb7
30.Bxb6 c5+ 31.Re4 Qxb6 32.Rd5 c4 33.Kh3 Qc6 34.Qd2 Rxe4 35.Nxe4 Qe6+ {#R} 0-1

[Event "It (open)"]
[Site "masterchessopen.com Arad (Romania)"]
[Date "2010.08.09"]
[Round "5"]
[White "Jianu Vlad-Cristian (ROM)"]
[Black "Petrisor Adrian (ROM)"]
[Result "1-0"]
[WhiteElo "2528"]
[BlackElo "2365"]

1.d4 Nf6 2.c4 g6 3.g3 Bg7 4.Bg2 d5 5.cxd5 Nxd5 6.Nf3 O-O 7.O-O Nb6 8.Nc3 Nc6
9.e3 Re8 10.Re1 e5 11.d5 Na5 12.e4 c6 13.b3 cxd5 14.exd5 e4 15.Nxe4 Rxe4
16.Rxe4 Bxa1 17.Bg5 Bf6 18.Bxf6 Qxf6 19.Re8+ Kg7 20.Qe1 Bg4 21.Rxa8 Nxa8
22.Ne5 Qe7 23.Qc3 Qf6 24.f4 b6 25.d6 Bf5 26.Bxa8 Qxd6 27.g4 Bb1 28.b4 f6
29.Nf3 Qd8 30.g5 Qxa8 31.gxf6+ Kh6 32.Ne5 Bf5 33.Qg3 {#r} 1-0

[Event "It (open)"]
[Site "masterchessopen.com Arad (Romania)"]
[Date "2010.08.11"]
[Round "8"]
[White "Szabo Gergely-Andras-Gyula (ROM)"]
[Black "Petrisor Adrian (ROM)"]
[Result "1-0"]
[WhiteElo "2552"]
[BlackElo "2365"]

1.d4 Nf6 2.c4 g6 3.g3 Bg7 4.Bg2 d5 5.cxd5 Nxd5 6.Nf3 O-O 7.O-O Nb6 8.Nc3 Nc6
9.e3 Re8 10.Re1 e5 11.d5 Na5 12.e4 c6 13.b3 cxd5 14.exd5 e4 15.Nxe4 Nxd5
16.Bg5 f6 17.Bd2 Nc6 18.Rc1 Bg4 19.h3 Bxf3 20.Qxf3 Ne5 21.Qe2 Kh8 22.Red1 Nc6
23.Be3 f5 24.Nc5 Nxe3 25.Rxd8 Raxd8 26.fxe3 Bd4 27.Ne4 Bb6 28.Qb2+ Nd4 29.Rd1
fxe4 30.exd4 e3 31.Bf3 {#r} 1-0

[Event "It \"]
[Site "masterchessopen.com Uxbridge (England)"]
[Date "2010.08.11"]
[Round "1"]
[White "Beaumont Chris (ENG)"]
[Black "Venkataramanan T S (IND)"]
[Result "1-0"]
[WhiteElo "2307"]
[BlackElo "2302"]

1.Nf3 Nf6 2.c4 g6 3.d4 Bg7 4.g3 O-O 5.Bg2 d5 6.cxd5 Nxd5 7.O-O Nb6 8.Nc3 Nc6
9.e3 h6 10.h3 Be6 11.b3 Qc8 12.Kh2 Rd8 13.Bb2 Bf5 14.e4 Bxd4 15.Nxd4 Rxd4
16.Qc1 Be6 17.Ne2 Qd7 18.Nxd4 Nxd4 19.Rd1 c5 20.Qxc5 {#r} 1-0

[Event "Ch World (juniors) (under 20) (g)"]
[Site "masterchessopen.com Chotowa (Poland)"]
[Date "2010.08.14"]
[Round "11"]
[White "Girya Olga (RUS)"]
[Black "Mammadova Gulnar (AZE)"]
[Result "1-0"]
[WhiteElo "2414"]
[BlackElo "2293"]

1.d4 Nf6 2.Nf3 g6 3.c4 Bg7 4.g3 O-O 5.Bg2 d5 6.cxd5 Nxd5 7.O-O Nb6 8.Nc3 Nc6
9.e3 Re8 10.d5 Na5 11.Nd4 Bd7 12.e4 c6 13.Bf4 cxd5 14.exd5 Nac4 15.b3 Nd6
16.Rc1 Rc8 17.Qd2 Nf5 18.Nxf5 Bxf5 19.Nb5 Rxc1 20.Rxc1 Nc8 21.Nd4 e5 22.Nxf5
gxf5 23.Bg5 Qd6 24.Qc2 Qg6 25.Qxc8 f6 26.d6 Rxc8 27.Bd5+ {#r} 1-0

[Event "It \"]
[Site "masterchessopen.com Uxbridge (England)"]
[Date "2010.08.14"]
[Round "6"]
[White "Sturt Raven M (USA)"]
[Black "Venkataramanan T S (IND)"]
[Result "0-1"]
[WhiteElo "2205"]
[BlackElo "2302"]

1.d4 Nf6 2.c4 g6 3.g3 Bg7 4.Bg2 O-O 5.Nf3 d5 6.cxd5 Nxd5 7.O-O Nb6 8.Nc3 Nc6
9.e3 h6 10.Qe2 a5 11.Rd1 a4 12.h3 a3 13.b3 Bd7 14.Kh2 Qc8 15.e4 Ra5 16.Be3 Rh5
17.h4 Bg4 18.Kg1 e5 19.dxe5 Nxe5 20.Bxb6 cxb6 21.Nd5 Qe8 22.Qe3 Nxf3+ 23.Bxf3
Rxd5 24.Bxg4 Re5 25.Bd7 Qe7 26.Qxb6 Rxe4 27.Rac1 Re2 28.Bb5 Rxa2 29.Rc7 Rd2
30.Rdc1 Qf6 31.Qe3 Qb2 32.h5 Bd4 {#R} 0-1

[Event "It (open)"]
[Site "masterchessopen.com Stare Mesto (Czech Republic)"]
[Date "2010.08.21"]
[Round "10"]
[White "Kuchynka Lukas (CZE)"]
[Black "Cizinsky Petr (CZE)"]
[Result "1-0"]
[WhiteElo "2306"]
[BlackElo "2148"]

1.d4 Nf6 2.c4 g6 3.g3 Bg7 4.Bg2 d5 5.cxd5 Nxd5 6.Nf3 O-O 7.O-O Nb6 8.Nc3 Nc6
9.e3 a6 10.h3 Rb8 11.Qc2 Nb4 12.Qb3 Nd3 13.Rd1 Nxc1 14.Raxc1 Nd7 15.Ne5 Nxe5
16.dxe5 Qe8 17.f4 Be6 18.Qa3 b6 19.Qxa6 Qc8 20.Qxc8 Rfxc8 21.Nd5 Bxd5 22.Bxd5
c5 23.a4 Kf8 24.Rc2 e6 25.Bc4 Ke7 26.Rcd2 Rd8 27.Rd6 h6 28.b3 g5 29.g4 h5
30.Kf2 {#r} 1-0